书目信息 |
| 题名: |
康雍乾时期城乡人民反对斗争资料
|
|
| 作者: | ;中国人民大学 编 | |
| 分册: | 上 | |
| 出版信息: | 北京 中华书局 1979.3 |
|
| 页数: | 517页 | |
| 开本: | 20cm | |
| 丛书名: | ||
| 单 册: | ||
| 中图分类: | K249.1 | |
| 科图分类: | ||
| 主题词: | 中国--历史 | |
| 电子资源: | ||
| ISBN: | ||
| 000 | 00598nam0 2200193 45 | |
| 001 | 0312221749 | |
| 005 | 20070731081028.18 | |
| 010 | @dCNY3.20 | |
| 091 | @a11018.758 | |
| 100 | @a20031222d1979 km y0chiy0120 ea | |
| 101 | @achi | |
| 200 | 1 | @a康雍乾时期城乡人民反对斗争资料@h上@AKang Yong Qian Shi Qi Cheng Xiang Ren Min Fan Dui Dou Zheng Zi Liao@f中国人民大学编@FZhong Guo Ren Min Da Xue Bian |
| 210 | @a北京@c中华书局@d1979.3 | |
| 215 | @a517页@d20cm | |
| 606 | 0 | @a中国@x历史 |
| 690 | @aK249.1@v3 | |
| 711 | 02 | @a中国人民大学@4编 |
| 801 | @aCN@bTSTCL@c20070731 | |
| 905 | @dK249.1@e39:1@f1@b176222 | |
| 康雍乾时期城乡人民反对斗争资料.上/中国人民大学编.-北京:中华书局,1979.3 |
| 517页;20cm |
| ISBN :CNY3.20 |
| ● |
| 相关链接 |
|
|
|
|
正题名:康雍乾时期城乡人民反对斗争资料
索取号:K249.1/39:1
 
预约/预借
| 序号 | 登录号 | 条形码 | 馆藏地/架位号 | 状态 | 备注 |
| 1 | 0176222 | 000803250 | 第二借阅区/ [索取号:K249.1/39:1] | 在馆 | |
| 2 | 0176223 | 000803321 | 第二样本阅览室/ [索取号:K249.1/39:1] | 在馆 | |
| 3 | 0466442 | 204664425 | 密集书库/ [索取号:K249.1/39:1] | 在馆 | |
| 4 | 0785927 | 207859272 | 密集书库/ [索取号:K249.1/39:1] | 在馆 |